| 000 | 00770nam a2200217 a 4500 | ||
|---|---|---|---|
| 001 | 000030457 | ||
| 003 | DO-SdBNP | ||
| 005 | 20240226144733.0 | ||
| 007 | ta | ||
| 008 | 110517s1983 dr ac 000 0 spa d | ||
| 040 |
_aDO-SdBNP _bspa _cBNPHU |
||
| 082 |
_axxx _bB641d _222 |
||
| 100 | 1 |
_aJorge Blanco, Salvador, _d1926-2010 _930551 |
|
| 245 | 1 | 0 |
_aRenegociación de la deuda externa / _cSalvador Jorge Blanco. |
| 260 |
_a[Santo Domingo] : _bEditora Milvio, _c1983. |
||
| 300 |
_a25 p. : _bil., retrs. ; _c21 cm. |
||
| 500 | _a"Discurso pronunciado por el ciudadano Presidente de la República Dominicana, Doctor Salvador Jorge Blanco, el día 12 de septiembre de 1983 en el Palacio Nacional" | ||
| 590 | _aInventariado, 2023 / DG | ||
| 910 | _aDG | ||
| 942 |
_2ddc _cLBS1 |
||
| 999 |
_c29949 _d29949 |
||